000 00849nam2a22002411 4500
001 RU\NLR\Per\917341
005 20250617200822.0
035 _a(NLR Aleph) 003159492
090 _a3088451
_c3088451
100 _a20130130d2010 |||y0rusy50 ca
101 0 _arus
102 _aRU
105 _ay ||||000|y
200 0 _a2010, 4 (34)
210 _d2010
_aБ. м.
461 0 _1001RU\NLR\Per\485515
_12001#$aМетроном Аптекарского острова$eальманах$v2010, 4 (34)
_93960671
_cСанкт-Петербург
_d2004 -
_nИзд-во СПбГЭТУ "ЛЭТИ"
_oальманах
_tМетроном Аптекарского острова
_x1994-8913
_v2010, 4 (34)
801 1 _aRU
_bInfoComm
_c20050323
801 0 _aRU
_bNLR
_gPSBO
852 _aNLR
_jП34/1522
942 _cISSUE
980 _aNB
980 _aRUSPER